Sports Quiz

Random Sports or Basketball Quiz

NBA Top 5 Career Scorers Per Draft Quiz Stats

 Plays Quiz Updated Jul 25, 2019

Score 0/145 Timer 16:00
43 Plays Today
Year Drafted Player % Correct
2003LeBron James
93.1%
2003Dwyane Wade
89.5%
2003Carmelo Anthony
87.7%
2007Kevin Durant
87.3%
1992Shaquille O'Neal
86.4%
2018Trae Young
85.5%
1996Kobe Bryant
84.8%
2018Luka Dončić
84.8%
2012Anthony Davis
84.6%
2003Chris Bosh
84.3%
2010John Wall
84.2%
2004Dwight Howard
84.1%
1994Juwan Howard
83.8%
2011Kyrie Irving
83.7%
2009Stephen Curry
83.5%
2003David West
83.2%
1997Tim Duncan
83%
1995Kevin Garnett
82.5%
2015Karl-Anthony Towns
81.8%
2011Klay Thompson
81.6%
1996Allen Iverson
81.3%
2005Chris Paul
80.9%
2018Deandre Ayton
80.8%
1998Paul Pierce
80.6%
2008Eric Gordon
80.6%
2014Andrew Wiggins
80.2%
1991Larry Johnson
79.6%
2001Joe Johnson
79.6%
1996Ray Allen
79.2%
2008Russell Westbrook
78.2%
2012Damian Lillard
77.3%
1998Vince Carter
76.9%
2017Jayson Tatum
76.2%
2016Ben Simmons
76.1%
1996Steve Nash
75.6%
1994Jason Kidd
75.6%
2005Deron Williams
75%
2017De'Aaron Fox
73.4%
2018Collin Sexton
72.6%
2012Bradley Beal
72.2%
2011Kemba Walker
71.9%
1990Gary Payton
71.4%
2015D'Angelo Russell
70.8%
2010DeMarcus Cousins
70.7%
2004Josh Smith
70.2%
1991Steve Smith
70.1%
2015Devin Booker
69.8%
2001Tony Parker
69.5%
2011Isaiah Thomas
69.5%
Year Drafted Player % Correct
2009DeMar DeRozan
69.1%
2014Zach LaVine
69.1%
2001Pau Gasol
69%
1997Tracy McGrady
68.9%
2015Kristaps Porziņģis
68.5%
1998Dirk Nowitzki
68%
2010Gordon Hayward
66.6%
2002Amar'e Stoudemire
66.3%
2012Andre Drummond
66.2%
1993Chris Webber
64.8%
2016Brandon Ingram
64%
2017Donovan Mitchell
63.9%
2013Giannis Antetokounmpo
62.4%
2013Victor Oladipo
62.3%
2018Kevin Knox
62.2%
2016Jaylen Brown
60.5%
2009Blake Griffin
59.3%
2007Jeff Green
58.8%
2008Kevin Love
58.7%
2010Paul George
58.6%
1992Alonzo Mourning
57.9%
1999Elton Brand
56.6%
1995Rasheed Wallace
56.5%
2016Jamal Murray
55.7%
1994Glenn Robinson
55.6%
2013C.J. McCollum
55.4%
2000Michael Redd
55.1%
2005Louis Williams
54.9%
1994Grant Hill
54.9%
1992Jim Jackson
54.6%
1997Stephen Jackson
54.6%
2007Mike Conley
54.4%
1997Tim Thomas
54%
2015Myles Turner
53.6%
2004Andre Iguodala
53.4%
2009Jrue Holiday
52.5%
2005Monta Ellis
52.5%
1997Chauncey Billups
52.4%
2000Kenyon Martin
52.2%
2014Nikola Jokić
51.7%
2002Mike Dunleavy
51.6%
2000Mike Miller
49.2%
1999Andre Miller
49.1%
2002Carlos Boozer
49%
2004Al Jefferson
48.7%
1999Richard Hamilton
48.4%
2009James Harden
48.3%
2007Marc Gasol
47.2%
1998Antawn Jamison
47.1%
Year Drafted Player % Correct
2008Brook Lopez
47.1%
2017Kyle Kuzma
45.9%
1999Shawn Marion
45.8%
2014Julius Randle
45.5%
1994Eddie Jones
45.5%
2001Zach Randolph
45.4%
2006J.J. Redick
44%
2004Luol Deng
44%
2011Jimmy Butler
42.5%
1996Stephon Marbury
42.2%
2006LaMarcus Aldridge
41%
2016Buddy Hield
39.5%
1998Rashard Lewis
39.2%
2002Tayshaun Prince
38.9%
2006Rudy Gay
38.8%
2012Harrison Barnes
38.7%
2002Caron Butler
38.5%
2006Kyle Lowry
38.5%
2010Greg Monroe
38.4%
2001Richard Jefferson
36.8%
1995Jerry Stackhouse
36.1%
1990Derrick Coleman
34%
2006Paul Millsap
32.7%
1999Jason Terry
30.9%
2005David Lee
30.7%
1991Kenny Anderson
30%
1992Latrell Sprewell
29.8%
2007Thaddeus Young
29.3%
2008Goran Dragić
29.1%
1993Sam Cassell
28.7%
1991Dikembe Mutombo
28.6%
1993Nick Van Exel
27%
2017Lauri Markkanen
25.7%
2013Kentavious Caldwell-Pope
25.2%
2000Jamal Crawford
24.4%
1995Michael Finley
24.3%
2013Dennis Schröder
23.4%
1993Allan Houston
22.1%
1992Christian Laettner
20.3%
1990Toni Kukoč
19.8%
2000Hedo Turkoglu
18%
1995Antonio McDyess
16.7%
1993Vin Baker
14.8%
1990Kendall Gill
13.9%
2014Jordan Clarkson
12.6%
1990Elden Campbell
12%
1991Terrell Brandon
11.4%

You're not logged in!

Compare scores with friends on all Sporcle quizzes.
OR
Log In

Sporcle TV

Today on Sporcle TV


Watch our educational content, quiz creation guides, and fun videos on Sporcle TV.

Show Comments

Extras

Top Quizzes Today


Score Distribution

Your Account Isn't Verified!

In order to create a playlist on Sporcle, you need to verify the email address you used during registration. Go to your Sporcle Settings to finish the process.

Report this User

Report this user for behavior that violates our Community Guidelines.

Details: